| Tag |
First Indicator |
Second Indicator |
Subfields |
| LEADER |
00000cgm a2200000Ia 4500 |
| 001 |
in00001519607 |
| 005 |
20151021161018.0 |
| 007 |
vf cbahou |
| 008 |
000113t19991970cau146 g vleng d |
| 035 |
|
|
|a (OCoLC)42306518
|
| 040 |
|
|
|a LPU
|c LPU
|d TXA
|d UtOrBLW
|
| 049 |
|
|
|a TXAM
|
| 090 |
|
|
|a PN1995.9.W3
|b K45 1999
|
| 130 |
0 |
|
|a Kelly's heroes (Motion picture)
|
| 245 |
1 |
0 |
|a Kelly's heroes /
|c Metro-Goldwyn Mayer ; produced by Gabriel Katzka and Sidney Beckerman ; directed by Brian G. Hutton ; screenplay by Troy Kennedy Martin.
|
| 264 |
|
1 |
|a Santa Monica, Calif. :
|b MGM Home Entertainment ;
|a [Place of publication not identified] :
|b Turner Entertainment Co.,
|c 1999.
|
| 300 |
|
|
|a 1 videocassette (146 min.) :
|b sound, color ;
|c 1/2 in.
|
| 336 |
|
|
|a two-dimensional moving image
|b tdi
|2 rdacontent
|
| 337 |
|
|
|a video
|b v
|2 rdamedia
|
| 338 |
|
|
|a videocassette
|b vf
|2 rdacarrier
|
| 538 |
|
|
|a VHS.
|
| 500 |
|
|
|a Closed captioned for the hearing impaired.
|
| 511 |
1 |
|
|a Clint Eastwood, Telly Savalas, Don Rickles, Carroll O'Connor, Donald Sutherland.
|
| 508 |
|
|
|a Director of photography, Gabriel Figueroa ; editor, John Jympson ; music, Lalo Schifrin ; costumes, Anna Maria Fea.
|
| 500 |
|
|
|a Videocassette release of the 1970 motion picture.
|
| 521 |
8 |
|
|a MPAA rating: PG.
|
| 520 |
|
|
|a The story of a group of American soldiers who go after a fortune in gold that the Germans have stashed in a small French bank thirty miles inside enemy territory during World War II.
|
| 500 |
|
|
|a "M207341."
|
| 500 |
|
|
|a Videorecording.
|
| 650 |
|
0 |
|a Films recording for the hearing impaired.
|
| 650 |
|
0 |
|a War films.
|
| 650 |
|
0 |
|a Feature films.
|
| 700 |
1 |
|
|a Eastwood, Clint,
|d 1930-
|
| 700 |
1 |
|
|a Savalas, Telly,
|d 1924-1994.
|
| 700 |
1 |
|
|a Rickles, Don.
|
| 700 |
1 |
|
|a O'Connor, Carroll.
|
| 700 |
1 |
|
|a Sutherland, Donald,
|d 1935-
|
| 710 |
2 |
|
|a Metro-Goldwyn-Mayer.
|
| 710 |
2 |
|
|a MGM Home Entertainment Inc.
|
| 710 |
2 |
|
|a Turner Entertainment Co.
|
| 948 |
|
|
|a cataloged
|b h
|c 2000/1/13
|d c
|e dmitchell
|f 11:14:17 am
|
| 994 |
|
|
|a E0
|b TXA
|
| 999 |
|
|
|a MARS
|
| 999 |
f |
f |
|s 442ae41c-4388-3acf-8fd2-1b3ff1dfbe59
|i 38251e53-d81b-3afc-8626-5f1b5be9529d
|t 0
|
| 952 |
f |
f |
|p ric
|a Texas A&M University
|b Rellis Campus
|c Joint Library Facility
|d Remote Storage
|t 0
|e PN1995.9.W3 K45 1999
|h Library of Congress classification
|i video -- videocassette
|m A14825599144
|
| 998 |
f |
f |
|a PN1995.9.W3 K45 1999
|t 0
|l Remote Storage
|